000 00649nam a2200169Ia 4500
003 GCL
008 140319s9999 xx 000 0 ara d
040 _aGCL /
_cGCL
082 0 4 _a910
_bج ن
100 1 _aجامعة الاسكندرية- كلية الاداب
245 1 0 _aندوة الاتجاهات الحديثة فى علم الجغرافيا : 27 - 29 نوفمبر 1995 /
_cجامعة الاسكندرية- كلية الاداب
490 _aالهيئة العامة للاستعلامات
_v0
650 0 4 _aالجغرافيا
650 0 4 _aالجغرافيا البشرية
650 0 4 _aالجغرافيا ، علم
942 _2ddc
_cBK
999 _c49195
_d49195